L'étrange Noël De Monsieur Jack - L'obsession de Jack - Statistiques

Statistiques générales
  • Ce quiz a été pris 9 fois
  • Le résultat moyen est 201 sur 335
Statistiques - réponses
Personnage Paroles % Correct
Ô
100%
a
75%
airs
75%
Apprendre
75%
approche
75%
Après
75%
au
75%
avant
75%
beau
75%
ce
75%
Ce
75%
ces
75%
C'est
75%
c'est
75%
chants
75%
coeur
75%
crane
75%
crois
75%
dans
75%
de
75%
dessus
75%
d'etre
75%
devient
75%
disparu
75%
doigt
75%
d'un
75%
est
75%
et
75%
etre
75%
explose
75%
ferai
75%
fete
75%
Il
75%
Jack
75%
J'ai
75%
Je
75%
je
75%
la
75%
La
75%
le
75%
Le
75%
les
75%
lumière
75%
ma
75%
Citoyens d'Halloween Mais
75%
mais
75%
me
75%
mettre
75%
meurs
75%
moi
75%
Moi
75%
Mon
75%
mon
75%
mort
75%
ne
75%
n'en
75%
Jack Noël
75%
noël
75%
nuit
75%
par
75%
Pas
75%
pas
75%
peu
75%
Peut
75%
Plus
75%
plus
75%
pour
75%
qu'a
75%
Quand
75%
que
75%
qui
75%
qu'il
75%
qu'on
75%
Sans
75%
se
75%
son
75%
sort
75%
tout
75%
Tout
75%
triste
75%
un
75%
vient
75%
y
75%
besoin
50%
bonheur
50%
cette
50%
choses
50%
clé
50%
comprendre
50%
connu
50%
craque
50%
croire
50%
Croyez-vous
50%
deux
50%
devant
50%
dire
50%
doigts
50%
donc
50%
droit
50%
encore
50%
était
50%
étape
50%
étudier
50%
faire
50%
fous
50%
imprégner
50%
ivre
50%
j'en
50%
jouets
50%
Juste
50%
la-haut
50%
l'aide
50%
l'ignore
50%
linceul
50%
livres
50%
l'ultime
50%
méandres
50%
m'échappent
50%
m'en
50%
mes
50%
monde
50%
mot
50%
musique
50%
n'est
50%
Ni
50%
ni
50%
noie
50%
noir
50%
nord
50%
objets
50%
ou
50%
perds
50%
peux
50%
point
50%
Pourquoi
50%
Pourrai-je
50%
pris
50%
réponse
50%
reverra
50%
rien
50%
s'éclaire
50%
s'élève
50%
sera
50%
seul
50%
solution
50%
souvenir
50%
suffit
50%
suis
50%
survivre
50%
trop
50%
une
50%
veux
50%
voulez
50%
vous
50%
vu
50%
Abandonné
25%
adore
25%
arbre
25%
brac
25%
bric
25%
brille
25%
cache
25%
capable
25%
Car
25%
cauchemar
25%
Comme
25%
décorer
25%
démoniaque
25%
d'errer
25%
derrière
25%
dissimule
25%
dont
25%
d'y
25%
élémentaire
25%
est-il
25%
fin
25%
Finalement
25%
franchir
25%
j'essaie
25%
J'étais
25%
l'Apocalypse
25%
l'enfer
25%
l'entrevoir
25%
l'étoile
25%
leur
25%
l'histoire
25%
malgré
25%
meme
25%
mieux
25%
m'importe
25%
Non
25%
penser
25%
percer
25%
porte
25%
possède
25%
près
25%
s'eclipse
25%
secret
25%
semblais
25%
serais-je
25%
serait-elle
25%
Simples
25%
soir
25%
sorcier
25%
Sous
25%
squelettiques
25%
suffisait
25%
Surement
25%
tellement
25%
Aucun quiz correspondant
Distribution des résultats
% des personnes avec chaque résultat
Percentile par nombre de réponses
Votre historique - résultats
Vous n’avez pas pris ce quiz